000 nam a22 a 4500
999 _c2716
_d2716
005 20170517154622.0
008 170517b1981 mau||||| |||| 00| 0 eng d
020 _a0843622032
040 _aAKMAL
082 _a641.5/627 JON
090 _a641.5/627
_bJON
100 _aJones, Lila M.
_95726
245 _aSimplified recipes for adult care centers /
_cLila M. Jones, Barbara R. Fischer.
260 _aBoston, MA
_bCBI Pub. Co.,
_cc1981.
300 _av, 298 p.
_c20 x 26 cm.
500 _aIncludes index.
650 _aQuantity cooking.
_95727
650 _aOlder people
_xNutrition.
_95728
700 _aFischer, Barbara R.
_95729
942 _2ddc
_cBOOK